NBA Player's Nickname - Statistiques

Statistiques générales
  • Ce quiz a été pris 68 fois
  • Le résultat moyen est 9 sur 15
Statistiques - réponses
Nickname Réponse % Correct
The King LeBron James
93%
The chef Stephen Curry
88%
The System/ The Beard James Harden
83%
Uncle Drew Kyrie Irving
82%
The Slim Reaper Kevin Durant
75%
Dame Dolla Damian Lillard
72%
Mr Triple Double Russell Westbrook
72%
The Klaw Kawhi Leonard
62%
His Airness Michael Jordan
60%
The Free Throw Merchant Shai Gilgeous Alexander
48%
The Haliban Tyrese Haliburton
43%
The Brow Anthony Davis
38%
knick killer Reggie Miller
32%
The Anomaly Jayson Tatum
23%
The Blue Arrow Jamal Murray
10%
Aucun quiz correspondant
Distribution des résultats
% des personnes avec chaque résultat
Percentile par nombre de réponses
Votre historique - résultats
Vous n’avez pas pris ce quiz